01560nam a22001937a 450000500170000000800410001702000180005804000070007604100080008308200270009110000140011824500670013226000320019930000270023136500640025852009940032265000280131670000220134420250212105946.0250212b ||||| |||| 00| 0 eng d a9780367240240 cAL aeng 223a618.92890076bSHEC aHong Shen aChild and adolescent psychiatry for the specialty board review aNew York bRoutledge c2019 ax,191pbPBc27.5x21cm. 2Generala6385b₹1276.00c₹d₹1595.00e20%f10/02/2025 aThis new, thoroughly revised edition of Child and Adolescent Psychiatry for the Specialty Board Review offers updated information, along with the most recent references and knowledge reflected in those changes. The authors especially incorporate new information and changes from DSM-5. Both general and child/adolescent psychiatrists will find this new edition invaluable, not only as a guide for preparing for their first successful Board examination, but also as a review in preparing for important re-certification exams. The book includes hundreds of multiple-choice questions, modeled after the types of questions on the actual boards. This challenging update, with new references and more relevant questions, will help readers to learn new information and be better prepared for their board examinations. Because the authors rewrote the majority of questions to cover a broader knowledge base, readers may find it useful to use the 4th edition as a companion book of the 3rd edition. 2Mental DisordersaChild aHendren, Robert L